¿Cuantas subdivisiones hay en cada pais? - Estadísticas

Estadísticas generales
  • Esta prueba ha sido intentada 76 veces
  • La puntuación promedio es 195 de 198
Estadísticas de respuestas
País Respuesta % Correcto
Vaticano 1
100%
Jordania | Luxemburgo | Mauricio | +4 others 12
100%
Liberia | Nicaragua 15
100%
Malasia | Nueva Zelanda | Palaos | +3 others 16
100%
Honduras | Irak | Laos | +3 others 18
100%
Uruguay 19
100%
Sahara Occidental 2
100%
Kiribati | Micronesia | Reino Unido | +2 others 4
100%
Malta | Ruanda | Singapur | +2 others 5
100%
Israel | Kuwait | San Vicente y las Granadinas | +3 others 6
100%
Kosovo | Nepal | Pakistán | +2 others 7
100%
Guinea Ecuatorial | Guinea | Islandia | +4 others 8
100%
Guinea-Bisáu | Kirguistán | Salomón | +3 others 9
100%
Albania | Benín | Eslovenia | Georgia 12
100%
Estonia 15
100%
Alemania | Chile | Ghana | Cuba 16
100%
Botsuana | Corea del Sur 17
100%
Angola | Burundi 18
100%
España 19
100%
Chad 23
100%
Afganistán 34
100%
Bosnia y Herzegovina 3
100%
Brunéi | Baréin 4
100%
Dinamarca 5
100%
Belice | Eritrea | Chipre | Gambia 6
100%
Andorra | Bielorrusia | Costa rica | Emiratos Árabes Unidos 7
100%
Antigua y Barbuda | Bangladés | Eslovaquia | Granada 8
100%
Australia | Austria | Bolivia | Gabón 9
100%
Corea del Norte 15
100%
Filipinas 18
100%
Comoras | Fiyi 4
100%
Guyana | Haití | Lesoto | +7 others 10
98%
Liechtenstein | Malí | Mozambique | +3 others 11
98%
Noruega | Timor Oriental 13
98%
Jamaica | Namibia | Nauru | +6 others 14
98%
Hungría | Italia | Kazajistán | +2 others 20
98%
Maldivas | Mongolia | Suecia 21
98%
Túnez 24
98%
Montenegro | Serbia | Seychelles | Venezuela 25
98%
Irlanda | Marshall | Perú | +2 others 26
98%
Ucrania 27
98%
Malaui 28
98%
Rumania 42
98%
Letonia 43
98%
Camerún | Dominica 10
98%
Armenia | Bélgica 11
98%
Arabia Saudita | Burkina Faso | Canadá | Francia 13
98%
El Salvador | Etiopía | Granada 14
98%
Bután | Finlandia 20
98%
Birmania 21
98%
Argentina | Camboya | Ecuador 24
98%
Brasil | Egipto 27
98%
Bulgaria 28
98%
Colombia | China 33
98%
Estados Unidos 50
98%
Barbados 11
98%
Croacia 21
98%
Costa de marfol 14
98%
México | República Dominicana 32
96%
India 36
96%
Moldavia | Nigeria 37
96%
Indonesia 38
96%
Japón | Kenia 47
96%
Vietnam 58
96%
Bahamas 32
96%
Argelia 58
96%
Libia | Madagascar | Papúa Nueva Guinea | +2 others 22
94%
Irán | Tanzania 31
94%
Cabo Verde | Guatemala 22
94%
Tailandia 77
88%
Azerbaiyán 77
88%
Turquía 81
87%
Rusia 85
85%
Uganda 136
44%
No se encontraron pruebas coincidentes
Distribución de puntuación
Porcentaje de gente con cada puntuación
Porcentaje por número respondido
Historial de tus puntuaciones
No has intentado esta prueba.